Postavenie produktu na trhu a jeho bezpečnostné kritéria diplomová práca

Salvato in:
Dettagli Bibliografici
Autore principale: Jakušová, Oľga
Ente Autore: Obchodná fakulta EU. Katedra marketingu
Altri autori: Korčoková, Marína, 1970-
Natura: Libro
Lingua:slovacco
Pubblicazione: Bratislava 2010
Tags: Aggiungi Tag
Nessun Tag, puoi essere il primo ad aggiungerne!!

MARC

LEADER 00000nam$a2200000$$$4500
001 0121594
005 20240318123147.0
041 0 |a slo 
044 |a SK 
245 1 0 |a Postavenie produktu na trhu a jeho bezpečnostné kritéria  |b diplomová práca  |c Oľga Jakušová ; škol. Marína Korčoková 
264 1 |a Bratislava  |c 2010 
300 |a 102 s. 
100 1 |a Jakušová, Oľga 
700 1 |a Korčoková, Marína, 1970- 
710 2 |a Obchodná fakulta EU. Katedra marketingu